[Event "ARG-ch sf U2000/1700/1400"]
[Site "Chaco"]
[Date "2019.12.22"]
[Round "5.4"]
[White "Anazco, Fabricio"]
[Black "Medina, Carlos"]
[Result "1-0"]
[WhiteElo "1885"]
[BlackElo "1627"]
[PlyCount "43"]
[EventDate "2019.12.21"]
[EventType "swiss"]
[EventRounds "5"]
[EventCountry "ARG"]
[SourceTitle "EXT 2024"]
[Source "ChessBase"]
[SourceDate "2023.10.10"]
[SourceVersion "1"]
[SourceVersionDate "2023.10.10"]
[SourceQuality "1"]

1. e4 e5 2. Nf3 Nc6 3. Bc4 Nf6 4. d3 Bc5 5. Nc3 0-0 6. Bg5 d6 7. Nd5 Bg4 8. h3 Bh5 9. g4 Bg6 10. h4 h6 11. Nxf6+ gxf6 12. Bxh6 Qd7 13. h5 Bh7 14. g5 Nb4 15. g6 d5 16. gxh7+ Kxh7 17. Bxf8 Rxf8 18. Bb3 Qg4 19. Qe2 b5 20. a3 dxe4 21. Qxe4+ Qxe4+ 22. dxe4 1-0

[Event "ARG-ch sf U2000/1700/1400"]
[Site "Chaco"]
[Date "2019.12.22"]
[Round "4.7"]
[White "Medina, Carlos"]
[Black "Aguirre, Marcos"]
[Result "1-0"]
[WhiteElo "1627"]
[BlackElo "1554"]
[PlyCount "95"]
[EventDate "2019.12.21"]
[EventType "swiss"]
[EventRounds "5"]
[EventCountry "ARG"]
[SourceTitle "EXT 2024"]
[Source "ChessBase"]
[SourceDate "2023.10.10"]
[SourceVersion "1"]
[SourceVersionDate "2023.10.10"]
[SourceQuality "1"]

1. e4 c5 2. Nf3 Nc6 3. Nc3 Nf6 4. Bc4 e5 5. d3 Be7 6. 0-0 0-0 7. Be3 Nd4 8. Bxd4 cxd4 9. Nd5 Nxd5 10. Bxd5 d6 11. c3 Qb6 12. Qb3 Qxb3 13. axb3 dxc3 14. bxc3 a6 15. Ra2 Rb8 16. d4 Bf6 17. dxe5 dxe5 18. h3 Rd8 19. g4 g6 20. Rd1 Kg7 21. Rad2 b5 22. Kg2 Rb6 23. Kg3 h6 24. h4 g5 25. hxg5 Bxg5 26. Nxg5 hxg5 27. Rh1 Be6 28. f3 Rbd6 29. c4 Bxd5 30. exd5 bxc4 31. bxc4 Rc8 32. Rc1 Rc5 33. Kf2 a5 34. Ke3 Kg6 35. Ke4 f6 36. Rcc2 Kf7 37. Kf5 a4 38. Rh2 Kg7 39. Rh5 Rdxd5 40. cxd5 Rxc2 41. d6 a3 42. Rh1 a2 43. Ke6 Rc6 44. Ke7 e4 45. fxe4 Rc5 46. d7 Re5+ 47. Kd6 Rxe4 48. d8Q 1-0

[Event "ARG-ch sf U2000/1700/1400"]
[Site "Chaco"]
[Date "2019.12.21"]
[Round "2.7"]
[White "Medina, Carlos"]
[Black "Ocampo, Agustin"]
[Result "1-0"]
[WhiteElo "1627"]
[BlackElo "1245"]
[PlyCount "43"]
[EventDate "2019.12.21"]
[EventType "swiss"]
[EventRounds "5"]
[EventCountry "ARG"]
[SourceTitle "EXT 2024"]
[Source "ChessBase"]
[SourceDate "2023.10.10"]
[SourceVersion "1"]
[SourceVersionDate "2023.10.10"]
[SourceQuality "1"]

1. e4 c5 2. Nf3 Nc6 3. Nc3 d6 4. Bc4 g6 5. 0-0 Bg7 6. d3 Nf6 7. Ne2 Bg4 8. Ng3 Nd4 9. c3 Nxf3+ 10. gxf3 Bh3 11. Re1 h5 12. Qb3 e6 13. Qxb7 Nd7 14. Bb5 h4 15. Bxd7+ Kf8 16. Ne2 Rb8 17. Qc6 Rxb2 18. Bxb2 Qg5+ 19. Ng3 hxg3 20. Qxd6+ Kg8 21. Qb8+ Bf8 22. Qxg3 1-0

[Event "ARG-ch sf U2000/1700/1400"]
[Site "Chaco"]
[Date "2019.12.21"]
[Round "1.1"]
[White "Zamora, Martin"]
[Black "Medina, Carlos"]
[Result "1-0"]
[WhiteElo "1918"]
[BlackElo "1627"]
[PlyCount "67"]
[EventDate "2019.12.21"]
[EventType "swiss"]
[EventRounds "5"]
[EventCountry "ARG"]
[SourceTitle "EXT 2024"]
[Source "ChessBase"]
[SourceDate "2023.10.10"]
[SourceVersion "1"]
[SourceVersionDate "2023.10.10"]
[SourceQuality "1"]

1. d4 c5 2. d5 e6 3. c4 exd5 4. cxd5 Nf6 5. Nc3 g6 6. e4 d6 7. f4 Bg7 8. e5 dxe5 9. fxe5 Nfd7 10. e6 fxe6 11. dxe6 Qe7 12. Qe2 Bxc3+ 13. bxc3 Nb6 14. Qb5+ Nc6 15. Ba3 Qxe6+ 16. Be2 Qe5 17. Qxc5 Nd5 18. Nf3 Qxc3+ 19. Qxc3 Nxc3 20. Bb2 Nxe2 21. Bxh8 Nf4 22. 0-0 Be6 23. Bf6 Nb4 24. Ng5 Ne2+ 25. Kh1 Bc4 26. Ne4 Ng3+ 27. Nxg3 Bxf1 28. Rxf1 Nxa2 29. Rb1 Rc8 30. Ne4 Kd7 31. Rxb7+ Kc6 32. Rxa7 Kd5 33. h3 Kxe4 34. Rxa2 1-0